Faunal diversity of singhori wildlife sanctuary district raisen, madhya pradesh / / (Record no. 154779)
[ view plain ]
| 000 -LEADER | |
|---|---|
| fixed length control field | 00719nam a22001937a 4500 |
| 005 - DATE AND TIME OF LATEST TRANSACTION | |
| control field | 20180725112000.0 |
| 010 ## - LCCN (DPL NO) | |
| LC control number | ENG-123592 |
| 020 ## - INTERNATIONAL STANDARD BOOK NUMBER | |
| Terms of availability | 2560.00 |
| International Standard Book Number | 9788181714381 |
| 035 ## - SYSTEM CONTROL NUMBER | |
| System control number | EN-107124 |
| 037 ## - SOURCE OF ACQUISITION | |
| Source of stock number/acquisition | DBAD/PUB |
| 082 ## - DEWEY DECIMAL CLASSIFICATION NUMBER | |
| Classification number | 591.95421 |
| 245 ## - TITLE STATEMENT | |
| Title | Faunal diversity of singhori wildlife sanctuary district raisen, madhya pradesh / / |
| Statement of responsibility, etc | ed. by The Director, Zoological Survey of India |
| 260 ## - PUBLICATION, DISTRIBUTION, ETC. (IMPRINT) | |
| Place of publication, distribution, etc | Kolkata |
| Date of publication, distribution, etc | 2016 |
| Name of publisher, distributor, etc | Zoological Survey of India |
| 270 ## - ADDRESS | |
| Address | M-Block, New Alipore, |
| Postal code | 700043 |
| City | Kolkata |
| 300 ## - PHYSICAL DESCRIPTION | |
| Extent | 394p. |
| Dimensions | 26cm.(Hb) |
| Other physical details | ill.(pictures) |
| 490 ## - SERIES STATEMENT | |
| Series statement | Consevation Area Series, 57: 1-394=28 Plates |
| 700 ## - ADDED ENTRY--PERSONAL NAME | |
| Personal name | The Director, Zoological Survey of India |
| 942 ## - ADDED ENTRY ELEMENTS (KOHA) | |
| Source of classification or shelving scheme | Dewey Decimal Classification |
| Item type | English Books |
| Classification part | 591.95421 |
| Call number suffix | CHA |
| Withdrawn status | Lost status | Not for loan | Collection code | Home library | Current library | Date acquired | Source of acquisition | Cost, normal purchase price | Full call number | Barcode | Copy number | Cost, replacement price | Koha item type |
|---|---|---|---|---|---|---|---|---|---|---|---|---|---|
| Non-fiction | Ashok Vihar | Ashok Vihar | 25/07/2018 | DBAD/PUB | 2560.00 | 591.95421 CHA | EN-107124 | 1 | 2560.00 | English Books |
